LEADER 02394nam 2200649 a 450 001 9910480065803321 005 20220109221236.0 010 $a1-5063-1921-1 010 $a1-322-41877-2 010 $a1-4522-6499-6 010 $a0-7619-2917-7 035 $a(CKB)2670000000260937 035 $a(EBL)996826 035 $a(OCoLC)809773252 035 $a(SSID)ssj0000675617 035 $a(PQKBManifestationID)12347139 035 $a(PQKBTitleCode)TC0000675617 035 $a(PQKBWorkID)10670407 035 $a(PQKB)10840266 035 $a(MiAaPQ)EBC996826 035 $a(OCoLC)1007858793 035 $a(StDuBDS)EDZ0000076824 035 $a(EXLCZ)992670000000260937 100 $a20120418d2006 fy| 0 101 0 $aeng 135 $aur|n|---||||| 181 $ctxt 182 $cc 183 $acr 200 10$aGender communication theories & analyses$b[electronic resource] $efrom silence to performance /$fCharlotte Kroløkke, Ann Scott Sørensen 210 $aThousand Oaks, Calif. ;$aLondon $cSAGE$dc2006 215 $a1 online resource (209 p.) 300 $aDescription based upon print version of record. 311 $a1-4522-3308-X 311 $a0-7619-2918-5 320 $aIncludes bibliographical references (p. 165-180) and index. 327 $aCover; Contents; Introduction; 1 - Three Waves of Feminism; 2 - Feminist Communication Theories; 3 - Feminist Communication Methodology; 4 - Sexist Discourse, Deficit and Dominance; 5 - Discourses of Difference and Identity; 6 - Gender and Performance; 7 - Conclusion; References; Index; About the Authors 330 8 $aThe authors survey the field of gender & communication with a particular focus on gender & communication theories & methods. 606 $aCommunication$xSex differences 606 $aInterpersonal communication 606 $aGender identity 606 $aSex role 608 $aElectronic books. 615 0$aCommunication$xSex differences. 615 0$aInterpersonal communication. 615 0$aGender identity. 615 0$aSex role. 676 $a302.2 676 $a305.3014 700 $aKroløkke$b Charlotte$01043651 701 $aSørensen$b Ann Scott$01043652 801 0$bStDuBDS 801 1$bStDuBDS 906 $aBOOK 912 $a9910480065803321 996 $aGender communication theories & analyses$92468780 997 $aUNINA LEADER 04949nam 2200709 450 001 9910789468903321 005 20200520144314.0 010 $a0-7425-6849-0 035 $a(CKB)3710000000020573 035 $a(EBL)1441831 035 $a(SSID)ssj0001037607 035 $a(PQKBManifestationID)11554446 035 $a(PQKBTitleCode)TC0001037607 035 $a(PQKBWorkID)11043449 035 $a(PQKB)10197584 035 $a(MiAaPQ)EBC1441831 035 $a(Au-PeEL)EBL1441831 035 $a(CaPaEBR)ebr10774572 035 $a(OCoLC)861742101 035 $a(PPN)235172219 035 $a(EXLCZ)993710000000020573 100 $a20130516d2013 uy 0 101 0 $aeng 135 $aur|n|---||||| 181 $ctxt 182 $cc 183 $acr 200 10$aFrom Silicon Valley to Shenzhen $eglobal production and work in the IT industry /$fBoy Lu?thje [and three others] 210 1$aLanham :$cRowman & Littlefield Publishers,$d2013. 215 $a1 online resource (278 p.) 225 0$aAsia/Pacific/perspectives 300 $aRevised English translation of: Von Silicon Valley nach Shenzhen : globale Produktion und Arbeit in der IT-Industrie / Stefanie Hu?rtgen ... [et al.]. 311 $a0-7425-5588-7 320 $aIncludes bibliographical references and index. 327 $aContents; Acknowledgments; Introduction; Digging Deeper: Global Production Networks and the Reshaping of Manufacturing Work; Outline; 1 Bringing the Labor Process Back In; Mass Production in the Age of Network Capitalism; Theories of International Division of Labor and Global Commodity Chains; Transnational Production and Institutional Forms of Regulation; Capitalist Restructuring and the Globalization of Norms of Production; Neo-Taylorism and the Complexity of Production Regimes; Propositions and Outline; 2 Beyond the New Economy 327 $aContract Manufacturing: Career of a Post-Fordist Model of ProductionFrom the Belle E?poque to the Crisis of Wintelism; EMS versus ODM: Contract Manufacturing "with" and "without" Product Development; "Trust Is Good, Control Is Better": Overaccumulation and Recentralization of Production Relationships; Restructuring of Brand-Name Global Production Networks; ODM and the Changing Interface of Innovation; 3 Reshaping the International Division of Labor; "One-Stop Shopping": IT Contract Manufacturing across the Triad; North America: Network-Based Mass Production in the Age of NAFTA 327 $aEast and Southeast Asia: Global Production and Intraregional Division of LaborEastern Europe-Low-Cost Location for the European Market; Notes; 4 Global Taylorism?; "Common Processes": The Global Standardization of Work in Electronics Contract Manufacturing; Mexico: High-Tech Production beyond Maquiladoras; Malaysia: Neo-Taylorism, Women Workers, and Ethnic Segmentation; China: Mass Production, Migrant Workers, and Postsocialist Company Paternalism; Eastern Europe: Low-Cost Production and Forced Cooperation; Notes; 5 From Silicon Valley to Shenzhen; Global Production Networks beyond Wintelism 327 $aVertical Reintegration and Industrial Development in Low-Cost LocationsTransnational Neo-Taylorism; Global Production Networks and Post-Fordist Regulation; Global Politics of Production? Approaches to Social and Political Reregulation; Abbreviations; References; Index; About the Authors 330 $aThis seminal study explores the significant changes in the global IT industry as production has shifted from the developed world to massive sites in the developing world that house hundreds of thousands of workers in appalling low-wage conditions to minimize labor costs. The authors trace the development of the new networks of globalized mass production in the IT industry and the reorganization of work since the 1990s, capturing the systemic nature of an industry-wide restructuring of production and work in the global context. Their wide-ranging and detailed analysis takes the deba 410 0$aAsia/Pacific/Perspectives 606 $aHigh technology industries 606 $aHigh technology industries$xLocation 606 $aInternational division of labor 606 $aOffshore assembly industry 606 $aOffshore assembly industry$xEmployees$xSocial conditions 606 $aGlobalization$xEconomic aspects 615 0$aHigh technology industries. 615 0$aHigh technology industries$xLocation. 615 0$aInternational division of labor. 615 0$aOffshore assembly industry. 615 0$aOffshore assembly industry$xEmployees$xSocial conditions. 615 0$aGlobalization$xEconomic aspects. 676 $a338.4/7004 700 $aLu?thje$b Boy$01583607 701 $aHu?rtgen$b Stefanie$01583608 801 0$bMiAaPQ 801 1$bMiAaPQ 801 2$bMiAaPQ 906 $aBOOK 912 $a9910789468903321 996 $aFrom Silicon Valley to Shenzhen$93866896 997 $aUNINA